"Käy Muumilaaksoon" -sanat - Statistics

Yleistilastot
  • Tätä visaa on pelattu 1 454 kertaa
  • Keskiarvotulos 10 / 19
Vastaustilastot
Sanat % Oikein
Kun {Muumipeikko}, Pikku-Myy
96%
{Käy} Muumilaaksoon
94%
Ja {Muumipappa} esiintyy
82%
{Muumitalon} asukkaat
73%
{Seuraksesi} kohta saat
71%
Pääset mukaan {viidakkoon}
70%
{Tuijottelu}tuokioon
62%
{Nyt} Muumilaaksoon
58%
{Taikapilvi}karkeloon
55%
Silloin {laulut} kutsukoon
47%
Kaivaa {Nuuskamuikkunen}
46%
Hän soittaa tutun {sävelen}
42%
Ja {huuliharpun} repustaan
36%
Vaikka {Mörön} märinä
32%
Jos lähdet mukaan {lupaan} sen
25%
Voi {värisyttää} välillä
21%
{Vie} Muumilaaksoon
20%
Saat {muumihetken} mieluisen
18%
Jo {muumiperhe} odottaa
11%
Ehtoja vastaavia visoja ei löytynyt
Tulosjakauma
Jokaisen tuloksen saaneiden osuus
Persentiili vastausten määrän mukaan
Tuloshistoriasi
Et ole pelannut tätä visaa